<?xml version="1.0" encoding="UTF-8"?>
<collection xmlns="http://www.loc.gov/MARC21/slim">
    <record>
        <controlfield tag="001">60473</controlfield>
        <controlfield tag="005">20170831220650.0</controlfield>
        <datafield tag="037" ind1=" " ind2=" ">
            <subfield code="a">TAZ-TFM-2016-1038</subfield>
        </datafield>
        <datafield tag="041" ind1=" " ind2=" ">
            <subfield code="a">spa</subfield>
        </datafield>
        <datafield tag="100" ind1="1" ind2=" ">
            <subfield code="a">Jiménez Abete, Aitziber</subfield>
        </datafield>
        <datafield tag="242" ind1="0" ind2="0">
            <subfield code="a">Exergy and thermoeconomic analysis of a polygeneration plant fueled by renewable sources</subfield>
        </datafield>
        <datafield tag="245" ind1="0" ind2="0">
            <subfield code="a">Análisis exergético y termoeconómico de una planta de poligeneración alimentada con fuentes renovables</subfield>
        </datafield>
        <datafield tag="260" ind1=" " ind2=" ">
            <subfield code="a">Zaragoza</subfield>
            <subfield code="b">Universidad de Zaragoza</subfield>
            <subfield code="c">2016</subfield>
        </datafield>
        <datafield tag="506" ind1=" " ind2=" ">
            <subfield code="a">by-nc-sa</subfield>
            <subfield code="b">Creative Commons</subfield>
            <subfield code="c">3.0</subfield>
            <subfield code="u">http://creativecommons.org/licenses/by-nc-sa/3.0/</subfield>
        </datafield>
        <datafield tag="520" ind1=" " ind2=" ">
            <subfield code="a">El objetivo del presente Trabajo de Fin de Máster es realizar un cálculo de exergías y posterior análisis termoeconómico a una planta de generación de electricidad, calor y agua desalada alimentada con energía solar y eólica. Dicho análisis permite ir más allá del mero análisis energético, ya que permite estudiar cómo las irreversibilidades de los distintos equipos de una planta pueden afectar a los costes de obtención de los productos. Tras realizar una revisión del estado del arte de este tipo de tecnologías, y de la aplicación de los estudios exergéticos y termoeconómicos a éstas, se ha procedido a calcular las exergías de cada una de las corrientes de la planta. Para llevar a cabo este cálculo, se ha simulado mediante el software Matlab los cálculos para todo un año de funcionamiento de la planta. Dicho cálculo de exergías ha servido de base para realizar un posterior análisis termoeconómico de la planta, realizado con el programa TAESS. Gracias a dicho análisis, se ha podido ver el análisis de costes exergéticos e irreversibilidades de la planta para distintos momentos del año. Además, también se ha realizado un breve análisis de cómo un fallo en uno de los equipos puede afectar al funcionamiento del resto de la planta.</subfield>
        </datafield>
        <datafield tag="521" ind1=" " ind2=" ">
            <subfield code="a">Máster Universitario en Energías Renovables y Eficiencia Energética</subfield>
        </datafield>
        <datafield tag="540" ind1=" " ind2=" ">
            <subfield code="a">Derechos regulados por licencia Creative Commons</subfield>
        </datafield>
        <datafield tag="700" ind1=" " ind2=" ">
            <subfield code="a">Uche Marcuello, Francisco Javier</subfield>
            <subfield code="e">dir.</subfield>
        </datafield>
        <datafield tag="710" ind1="2" ind2=" ">
            <subfield code="a">Universidad de Zaragoza</subfield>
            <subfield code="b">Ingeniería Mecánica</subfield>
            <subfield code="c">Máquinas y Motores Térmicos</subfield>
        </datafield>
        <datafield tag="856" ind1="0" ind2=" ">
            <subfield code="f">580513@celes.unizar.es</subfield>
        </datafield>
        <datafield tag="856" ind1="4" ind2=" ">
            <subfield code="s">3624671</subfield>
            <subfield code="u">http://zaguan.unizar.es/record/60473/files/TAZ-TFM-2016-1038.pdf</subfield>
            <subfield code="y">Memoria (spa)</subfield>
        </datafield>
        <datafield tag="909" ind1="C" ind2="O">
            <subfield code="o">oai:zaguan.unizar.es:60473</subfield>
            <subfield code="p">driver</subfield>
            <subfield code="p">trabajos-fin-master</subfield>
        </datafield>
        <datafield tag="950" ind1=" " ind2=" ">
            <subfield code="a"></subfield>
        </datafield>
        <datafield tag="951" ind1=" " ind2=" ">
            <subfield code="a">deposita:2017-02-28</subfield>
        </datafield>
        <datafield tag="980" ind1=" " ind2=" ">
            <subfield code="a">TAZ</subfield>
            <subfield code="b">TFM</subfield>
            <subfield code="c">EINA</subfield>
        </datafield>
    </record>

    
</collection>